000 00304nam a2200133Ia 4500
100 _aDe/SA/A
942 _cRB
654 _aelectronic instrumentation
245 _aPrinciple of electronic instrumentation
260 _bEdword arnold
_aLondon
_c1990
300 _a270
546 _aENGLISH
999 _c33241
_d33241